Business principles and management / (Record no. 8252)

MARC details
000 -LEADER
fixed length control field 00718cam a22002412 4500
001 - CONTROL NUMBER
control field 0000012632
005 - DATE AND TIME OF LATEST TRANSACTION
control field 20151217152110.0
008 - FIXED-LENGTH DATA ELEMENTS--GENERAL INFORMATION
fixed length control field 090227s xx 000 0 eng d
020 ## - INTERNATIONAL STANDARD BOOK NUMBER
International Standard Book Number 0538073500
040 ## - CATALOGING SOURCE
Original cataloging agency KABU
Transcribing agency KABU
050 #0 - LIBRARY OF CONGRESS CALL NUMBER
Classification number HF1008
Item number .E94 1990
100 1# - MAIN ENTRY--PERSONAL NAME
Personal name Everard, Kenneth E.
-- 0000116907
245 10 - TITLE STATEMENT
Title Business principles and management /
Statement of responsibility, etc. Kenneth E. Everard, Jim Burrow.
250 ## - EDITION STATEMENT
Edition statement 9th ed.
260 ## - PUBLICATION, DISTRIBUTION, ETC. (IMPRINT)
Place of publication, distribution, etc. Cincinnati, Ohio :
Name of publisher, distributor, etc. South-Western,
Date of publication, distribution, etc. 1990.
300 ## - PHYSICAL DESCRIPTION
Extent x, 514 p.
650 #0 - SUBJECT ADDED ENTRY--TOPICAL TERM
Topical term or geographic name as entry element Business.
-- 0000149956
650 #0 - SUBJECT ADDED ENTRY--TOPICAL TERM
Topical term or geographic name as entry element Management.
-- 0000083920
700 1# - ADDED ENTRY--PERSONAL NAME
Personal name Burrow, Jim.
-- 0000116908
852 1# - LOCATION
-- p500 KES
908 ## - PUT COMMAND PARAMETER (RLIN)
Put command parameter 090227
950 ## - LOCAL HOLDINGS (RLIN)
-- 1
Holdings
Withdrawn status Lost status Source of classification or shelving scheme Not for loan Home library Current library Date acquired Total Checkouts Full call number Barcode Date last seen Date last checked out Price effective from Koha item type
    Library of Congress Classification   Kabarak, Main Campus Kabarak, Main Campus 17/12/2015 2 HF1008 .E94 1990 c. 1 16859 02/08/2024 18/10/2019 17/12/2015 General Collection
    Library of Congress Classification   Kabarak, Main Campus Kabarak, Main Campus 17/12/2015 3 HF1008 .E94 1990 c. 3 16861 02/08/2024 18/10/2019 17/12/2015 General Collection
    Library of Congress Classification   Kabarak, Main Campus Kabarak, Main Campus 17/12/2015 2 HF1008 .E94 1990 c. 2 16860 02/08/2024 28/10/2016 17/12/2015 General Collection
Designed with assistance from East African Informatics Ltd